00589nam a22001937a 450000500170000000800410001701000140005802000260007203500130009803700130011104000130012408200100013710000240014724500580017126000340022927000480026330000350031150000490034620100531115225.0100531t xxu||||| |||| 00| 0 eng d aENG-96209 a9788120340350c350.00 aEN-79742 bDBAD/PUB aDPLbEng a591.5 aMandal, Fatik Baran aTextbook of animal behaviour /cby Fatik Baran Mandal aNew DelhibPHI Learningc2010 aM-97, Connaught Circus, bNew Delhie110001 axii, 302p.:c27 cm (pbk)bill. aincludes biblographical references and index